Barefoot in the sand (Record no. 120974)

MARC details
000 -LEADER
fixed length control field 00622nam a2200241 i 4500
001 - CONTROL NUMBER
control field C2-0320279
003 - CONTROL NUMBER IDENTIFIER
control field PPAK
005 - DATE AND TIME OF LATEST TRANSACTION
control field 20180728115753.0
008 - FIXED-LENGTH DATA ELEMENTS--GENERAL INFORMATION
fixed length control field 121218s2012 nyu |||| ||||| | eng d
020 ## - INTERNATIONAL STANDARD BOOK NUMBER
International Standard Book Number 9781455508211
040 ## - CATALOGING SOURCE
Original cataloging agency PPAK
Language of cataloging eng
Transcribing agency PPAK
Description conventions rda
082 04 - DEWEY DECIMAL CLASSIFICATION NUMBER
Classification number 823
Edition number 23
090 00 - LOCALLY ASSIGNED LC-TYPE CALL NUMBER (OCLC); LOCAL CALL NUMBER (RLIN)
Classification number (OCLC) (R) ; Classification number, CALL (RLIN) (NR) 823
Feature heading STC
Feature heading G
100 1# - MAIN ENTRY--PERSONAL NAME
Personal name St. Claire, Roxanne,
Relator term author
245 10 - TITLE STATEMENT
Title Barefoot in the sand
264 #1 - PRODUCTION, PUBLICATION, DISTRIBUTION, MANUFACTURE, AND COPYRIGHT NOTICE
Place of production, publication, distribution, manufacture New York :
Name of producer, publisher, distributor, manufacturer Forever ,
Date of production, publication, distribution, manufacture, or copyright notice 2012
300 ## - PHYSICAL DESCRIPTION
Extent 418 pages ;
Dimensions 18 cm
336 ## - CONTENT TYPE
Source rdacontent
Content type term text
337 ## - MEDIA TYPE
Source rdamedia
Media type term unmediated
338 ## - CARRIER TYPE
Source rdacarrier
Carrier type term volume
650 10 - SUBJECT ADDED ENTRY--TOPICAL TERM
Topical term or geographic name entry element English fiction
942 ## - ADDED ENTRY ELEMENTS (KOHA)
-- dc
Koha item type Book
Holdings
Withdrawn Not for loan Current library Shelving location Date acquired Full call number Barcode Date last seen Koha item type Total Checkouts Date last checked out
    Perpustakaan Alor Setar Pinjaman Dewasa 26/12/2012 823 STC A01410803 09/05/2018 Book    
    Perpustakaan Alor Setar Pinjaman Dewasa 26/12/2012 823 STC A01410804 21/08/2019 Book 1 03/08/2019
    Perpustakaan Baling Pinjaman Dewasa 26/12/2012 823 STC A01410808 09/05/2018 Book    
    Perpustakaan Jitra Pinjaman Dewasa 26/12/2012 823 STC A01410806 09/05/2018 Book    
    Perpustakaan Kulim Pinjaman Dewasa 26/12/2012 823 STC A01410807 09/05/2018 Book    
    Perpustakaan Merbok Pinjaman Dewasa 26/12/2012 823 STC A01410809 09/05/2018 Book